000 01025nmc a2200337 a 4500
003 AR-BaBNM
005 20251128211615.0
008 035020s2000 ||||||||||||||000 | spa||
020 _a84-7432-739-3
040 _cAR-BaBNM
100 1 _aBrubacher, John W.
245 1 0 _aCómo ser un docente reflexivo
_bla construcción de una cultura de la indagación en las escuelas
260 _aBarcelona
_bGedisa
_c2000
300 _a173 p.
490 0 _aBiblioteca de educación. Didáctica general
_vv. 8
504 _aContiene referencias bibliográficas en p. 163-170
600 1 4 _aDewey, John
650 4 _aROL DEL DOCENTE
650 4 _aINVESTIGACION EN LA CLASE
650 4 _aCURRICULO
650 4 _aDIDACTICA
650 4 _aRELACION ESCUELA-COMUNIDAD
651 4 _aEstados Unidos
653 _aREFLEXION SOBRE LA PRACTICA
653 _aEDUCACION SECUNDARIA
700 1 _aCase, Charles W.
700 1 _aReagan, Timothy G.
800 1 _aCamilloni, Alicia R.W. de
942 _cBK
998 _cme-solo cat
999 _c20399
_d20399